<?xml version="1.0" encoding="UTF-8"?>
<collection xmlns="http://www.loc.gov/MARC21/slim">
 <record>
  <leader>16972nam a22016937i 4500</leader>
  <controlfield tag="001">000348638</controlfield>
  <controlfield tag="003">CZ-PrVSE</controlfield>
  <controlfield tag="005">20171110102919.0</controlfield>
  <controlfield tag="007">ta</controlfield>
  <controlfield tag="008">170206t20152015xxua   fr     001 0 eng d</controlfield>
  <datafield tag="020" ind1=" " ind2=" ">
   <subfield code="a">978-1-285-16587-5</subfield>
   <subfield code="q">(vázáno)</subfield>
   <subfield code="z">1-285-16587-X</subfield>
  </datafield>
  <datafield tag="040" ind1=" " ind2=" ">
   <subfield code="a">ABA006</subfield>
   <subfield code="b">cze</subfield>
   <subfield code="c">ABA006</subfield>
   <subfield code="d">ABA006</subfield>
   <subfield code="e">rda</subfield>
  </datafield>
  <datafield tag="072" ind1=" " ind2="7">
   <subfield code="a">33</subfield>
   <subfield code="x">Ekonomie</subfield>
   <subfield code="2">Konspekt</subfield>
   <subfield code="9">4</subfield>
  </datafield>
  <datafield tag="072" ind1=" " ind2="9">
   <subfield code="a">330</subfield>
   <subfield code="x">Economics</subfield>
   <subfield code="2">Conspectus</subfield>
   <subfield code="9">4</subfield>
  </datafield>
  <datafield tag="080" ind1=" " ind2=" ">
   <subfield code="a">33</subfield>
   <subfield code="2">MRF_2003</subfield>
  </datafield>
  <datafield tag="080" ind1=" " ind2=" ">
   <subfield code="a">330.101.541</subfield>
   <subfield code="2">MRF_2003</subfield>
  </datafield>
  <datafield tag="080" ind1=" " ind2=" ">
   <subfield code="a">[330.5+338]:303.7</subfield>
   <subfield code="2">MRF_2003</subfield>
  </datafield>
  <datafield tag="080" ind1=" " ind2=" ">
   <subfield code="a">330.101.542</subfield>
   <subfield code="2">MRF_2003</subfield>
  </datafield>
  <datafield tag="080" ind1=" " ind2=" ">
   <subfield code="a">336.76</subfield>
   <subfield code="2">MRF_2003</subfield>
  </datafield>
  <datafield tag="080" ind1=" " ind2=" ">
   <subfield code="a">(075)</subfield>
   <subfield code="2">MRF_2003</subfield>
  </datafield>
  <datafield tag="099" ind1=" " ind2="9">
   <subfield code="a">33MAN</subfield>
  </datafield>
  <datafield tag="100" ind1="1" ind2=" ">
   <subfield code="a">Mankiw, N. Gregory,</subfield>
   <subfield code="d">1958-</subfield>
   <subfield code="7">utb2006357174</subfield>
   <subfield code="4">aut</subfield>
  </datafield>
  <datafield tag="245" ind1="1" ind2="0">
   <subfield code="a">Principles of economics /</subfield>
   <subfield code="c">N. Gregory Mankiw</subfield>
  </datafield>
  <datafield tag="250" ind1=" " ind2=" ">
   <subfield code="a">Seventh edition</subfield>
  </datafield>
  <datafield tag="264" ind1=" " ind2="1">
   <subfield code="a">Stamford :</subfield>
   <subfield code="b">Cengage Learning,</subfield>
   <subfield code="c">[2015]</subfield>
  </datafield>
  <datafield tag="264" ind1=" " ind2="4">
   <subfield code="c">©2015</subfield>
  </datafield>
  <datafield tag="300" ind1=" " ind2=" ">
   <subfield code="a">xxxii, 847 stran :</subfield>
   <subfield code="b">ilustrace</subfield>
  </datafield>
  <datafield tag="336" ind1=" " ind2=" ">
   <subfield code="a">text</subfield>
   <subfield code="b">txt</subfield>
   <subfield code="2">rdacontent</subfield>
  </datafield>
  <datafield tag="337" ind1=" " ind2=" ">
   <subfield code="a">bez média</subfield>
   <subfield code="b">n</subfield>
   <subfield code="2">rdamedia</subfield>
  </datafield>
  <datafield tag="338" ind1=" " ind2=" ">
   <subfield code="a">svazek</subfield>
   <subfield code="b">nc</subfield>
   <subfield code="2">rdacarrier</subfield>
  </datafield>
  <datafield tag="500" ind1=" " ind2=" ">
   <subfield code="a">Terminologický slovník</subfield>
  </datafield>
  <datafield tag="500" ind1=" " ind2=" ">
   <subfield code="a">Obsahuje rejstřík</subfield>
  </datafield>
  <datafield tag="650" ind1="0" ind2="7">
   <subfield code="a">ekonomie</subfield>
   <subfield code="7">ph114430</subfield>
   <subfield code="2">czenas</subfield>
  </datafield>
  <datafield tag="650" ind1="0" ind2="7">
   <subfield code="a">makroekonomie</subfield>
   <subfield code="7">ph115205</subfield>
   <subfield code="2">czenas</subfield>
  </datafield>
  <datafield tag="650" ind1="0" ind2="7">
   <subfield code="a">makroekonomická analýza</subfield>
   <subfield code="7">ph137377</subfield>
   <subfield code="2">czenas</subfield>
  </datafield>
  <datafield tag="650" ind1="0" ind2="7">
   <subfield code="a">mikroekonomie</subfield>
   <subfield code="7">ph115305</subfield>
   <subfield code="2">czenas</subfield>
  </datafield>
  <datafield tag="650" ind1="0" ind2="7">
   <subfield code="a">kapitálové trhy</subfield>
   <subfield code="7">ph114867</subfield>
   <subfield code="2">czenas</subfield>
  </datafield>
  <datafield tag="655" ind1=" " ind2="7">
   <subfield code="a">učebnice</subfield>
   <subfield code="7">fd133770</subfield>
   <subfield code="2">czenas</subfield>
  </datafield>
  <datafield tag="650" ind1="0" ind2="9">
   <subfield code="a">economics</subfield>
   <subfield code="2">eczenas</subfield>
  </datafield>
  <datafield tag="650" ind1="0" ind2="9">
   <subfield code="a">macroeconomics</subfield>
   <subfield code="2">eczenas</subfield>
  </datafield>
  <datafield tag="650" ind1="0" ind2="9">
   <subfield code="a">macroeconomic analysis</subfield>
   <subfield code="2">eczenas</subfield>
  </datafield>
  <datafield tag="650" ind1="0" ind2="9">
   <subfield code="a">microeconomics</subfield>
   <subfield code="2">eczenas</subfield>
  </datafield>
  <datafield tag="650" ind1="0" ind2="9">
   <subfield code="a">capital market</subfield>
   <subfield code="2">eczenas</subfield>
  </datafield>
  <datafield tag="655" ind1=" " ind2="9">
   <subfield code="a">textbooks</subfield>
   <subfield code="2">eczenas</subfield>
  </datafield>
  <datafield tag="787" ind1="0" ind2=" ">
   <subfield code="i">Studijní materiál:</subfield>
   <subfield code="a">Hakes, David R.</subfield>
   <subfield code="t">Study guide [for] Mankiw: Principles of economics, seventh edition</subfield>
   <subfield code="w">(CZ-PrVSE)000348639</subfield>
  </datafield>
  <datafield tag="993" ind1=" " ind2=" ">
   <subfield code="a">006392422</subfield>
  </datafield>
  <datafield tag="996" ind1=" " ind2=" ">
   <subfield code="1">PDEK2</subfield>
   <subfield code="3">E50134aa</subfield>
   <subfield code="4">N:P</subfield>
   <subfield code="5">3142298695</subfield>
   <subfield code="8">20170223</subfield>
   <subfield code="9">33MAN</subfield>
   <subfield code="f">83</subfield>
   <subfield code="g">46420</subfield>
   <subfield code="l">UEP01</subfield>
   <subfield code="m">BOOK</subfield>
   <subfield code="p">MI</subfield>
   <subfield code="q">DĚK F2</subfield>
   <subfield code="t">na dislokovaném</subfield>
   <subfield code="u">UEP01</subfield>
   <subfield code="v">Ztráta</subfield>
   <subfield code="w">20170227</subfield>
  </datafield>
  <datafield tag="996" ind1=" " ind2=" ">
   <subfield code="1">PDEK2</subfield>
   <subfield code="3">E50134k</subfield>
   <subfield code="4">N:P</subfield>
   <subfield code="5">3142298679</subfield>
   <subfield code="8">20170223</subfield>
   <subfield code="9">33MAN</subfield>
   <subfield code="f">83</subfield>
   <subfield code="g">46420</subfield>
   <subfield code="l">UEP01</subfield>
   <subfield code="m">BOOK</subfield>
   <subfield code="p">MI</subfield>
   <subfield code="q">DĚK F2</subfield>
   <subfield code="t">na dislokovaném</subfield>
   <subfield code="u">UEP01</subfield>
   <subfield code="v">Ztráta</subfield>
   <subfield code="w">20170227</subfield>
  </datafield>
  <datafield tag="996" ind1=" " ind2=" ">
   <subfield code="1">PDEK5</subfield>
   <subfield code="3">E50134aaaa</subfield>
   <subfield code="4">N:P</subfield>
   <subfield code="5">3142299527</subfield>
   <subfield code="8">20170314</subfield>
   <subfield code="9">33MAN</subfield>
   <subfield code="f">83</subfield>
   <subfield code="g">46492</subfield>
   <subfield code="l">UEP01</subfield>
   <subfield code="m">BOOK</subfield>
   <subfield code="p">MI</subfield>
   <subfield code="q">DĚK F5</subfield>
   <subfield code="t">na dislokovaném</subfield>
   <subfield code="u">UEP01</subfield>
   <subfield code="v">Ztráta</subfield>
   <subfield code="w">20170315</subfield>
  </datafield>
  <datafield tag="996" ind1=" " ind2=" ">
   <subfield code="1">PDEK5</subfield>
   <subfield code="3">E50134bbb</subfield>
   <subfield code="4">N:P</subfield>
   <subfield code="5">3142299501</subfield>
   <subfield code="8">20170314</subfield>
   <subfield code="9">33MAN</subfield>
   <subfield code="f">83</subfield>
   <subfield code="g">46492</subfield>
   <subfield code="l">UEP01</subfield>
   <subfield code="m">BOOK</subfield>
   <subfield code="p">MI</subfield>
   <subfield code="q">DĚK F5</subfield>
   <subfield code="t">na dislokovaném</subfield>
   <subfield code="u">UEP01</subfield>
   <subfield code="v">Ztráta</subfield>
   <subfield code="w">20170315</subfield>
  </datafield>
  <datafield tag="996" ind1=" " ind2=" ">
   <subfield code="1">PDEK5</subfield>
   <subfield code="3">E50134bbbb</subfield>
   <subfield code="4">N:P</subfield>
   <subfield code="5">3142299528</subfield>
   <subfield code="8">20170314</subfield>
   <subfield code="9">33MAN</subfield>
   <subfield code="f">83</subfield>
   <subfield code="g">46492</subfield>
   <subfield code="l">UEP01</subfield>
   <subfield code="m">BOOK</subfield>
   <subfield code="p">MI</subfield>
   <subfield code="q">DĚK F5</subfield>
   <subfield code="t">na dislokovaném</subfield>
   <subfield code="u">UEP01</subfield>
   <subfield code="v">Ztráta</subfield>
   <subfield code="w">20170315</subfield>
  </datafield>
  <datafield tag="996" ind1=" " ind2=" ">
   <subfield code="1">PDEK5</subfield>
   <subfield code="3">E50134ccc</subfield>
   <subfield code="4">N:P</subfield>
   <subfield code="5">3142299502</subfield>
   <subfield code="8">20170314</subfield>
   <subfield code="9">33MAN</subfield>
   <subfield code="f">83</subfield>
   <subfield code="g">46492</subfield>
   <subfield code="l">UEP01</subfield>
   <subfield code="m">BOOK</subfield>
   <subfield code="p">MI</subfield>
   <subfield code="q">DĚK F5</subfield>
   <subfield code="t">na dislokovaném</subfield>
   <subfield code="u">UEP01</subfield>
   <subfield code="v">Ztráta</subfield>
   <subfield code="w">20170315</subfield>
  </datafield>
  <datafield tag="996" ind1=" " ind2=" ">
   <subfield code="1">PDEK5</subfield>
   <subfield code="3">E50134cccc</subfield>
   <subfield code="4">N:P</subfield>
   <subfield code="5">3142299529</subfield>
   <subfield code="8">20170314</subfield>
   <subfield code="9">33MAN</subfield>
   <subfield code="f">83</subfield>
   <subfield code="g">46492</subfield>
   <subfield code="l">UEP01</subfield>
   <subfield code="m">BOOK</subfield>
   <subfield code="p">MI</subfield>
   <subfield code="q">DĚK F5</subfield>
   <subfield code="t">na dislokovaném</subfield>
   <subfield code="u">UEP01</subfield>
   <subfield code="v">Ztráta</subfield>
   <subfield code="w">20170315</subfield>
  </datafield>
  <datafield tag="996" ind1=" " ind2=" ">
   <subfield code="1">PDEK5</subfield>
   <subfield code="3">E50134chch</subfield>
   <subfield code="4">N:P</subfield>
   <subfield code="5">3142299481</subfield>
   <subfield code="8">20170313</subfield>
   <subfield code="9">33MAN</subfield>
   <subfield code="f">83</subfield>
   <subfield code="g">46492</subfield>
   <subfield code="l">UEP01</subfield>
   <subfield code="m">BOOK</subfield>
   <subfield code="p">MI</subfield>
   <subfield code="q">DĚK F5</subfield>
   <subfield code="t">na dislokovaném</subfield>
   <subfield code="u">UEP01</subfield>
   <subfield code="v">Ztráta</subfield>
   <subfield code="w">20170315</subfield>
  </datafield>
  <datafield tag="996" ind1=" " ind2=" ">
   <subfield code="1">PDEK5</subfield>
   <subfield code="3">E50134chchch</subfield>
   <subfield code="4">N:P</subfield>
   <subfield code="5">3142299508</subfield>
   <subfield code="8">20170314</subfield>
   <subfield code="9">33MAN</subfield>
   <subfield code="f">83</subfield>
   <subfield code="g">46492</subfield>
   <subfield code="l">UEP01</subfield>
   <subfield code="m">BOOK</subfield>
   <subfield code="p">MI</subfield>
   <subfield code="q">DĚK F5</subfield>
   <subfield code="t">na dislokovaném</subfield>
   <subfield code="u">UEP01</subfield>
   <subfield code="v">Ztráta</subfield>
   <subfield code="w">20170315</subfield>
  </datafield>
  <datafield tag="996" ind1=" " ind2=" ">
   <subfield code="1">PDEK5</subfield>
   <subfield code="3">E50134chchchch</subfield>
   <subfield code="4">N:P</subfield>
   <subfield code="5">3142299535</subfield>
   <subfield code="8">20170314</subfield>
   <subfield code="9">33MAN</subfield>
   <subfield code="f">83</subfield>
   <subfield code="g">46492</subfield>
   <subfield code="l">UEP01</subfield>
   <subfield code="m">BOOK</subfield>
   <subfield code="p">MI</subfield>
   <subfield code="q">DĚK F5</subfield>
   <subfield code="t">na dislokovaném</subfield>
   <subfield code="u">UEP01</subfield>
   <subfield code="v">Ztráta</subfield>
   <subfield code="w">20170315</subfield>
  </datafield>
  <datafield tag="996" ind1=" " ind2=" ">
   <subfield code="1">PDEK5</subfield>
   <subfield code="3">E50134ddd</subfield>
   <subfield code="4">N:P</subfield>
   <subfield code="5">3142299503</subfield>
   <subfield code="8">20170314</subfield>
   <subfield code="9">33MAN</subfield>
   <subfield code="f">83</subfield>
   <subfield code="g">46492</subfield>
   <subfield code="l">UEP01</subfield>
   <subfield code="m">BOOK</subfield>
   <subfield code="p">MI</subfield>
   <subfield code="q">DĚK F5</subfield>
   <subfield code="t">na dislokovaném</subfield>
   <subfield code="u">UEP01</subfield>
   <subfield code="v">Ztráta</subfield>
   <subfield code="w">20170315</subfield>
  </datafield>
  <datafield tag="996" ind1=" " ind2=" ">
   <subfield code="1">PDEK5</subfield>
   <subfield code="3">E50134eee</subfield>
   <subfield code="4">N:P</subfield>
   <subfield code="5">3142299504</subfield>
   <subfield code="8">20170314</subfield>
   <subfield code="9">33MAN</subfield>
   <subfield code="f">83</subfield>
   <subfield code="g">46492</subfield>
   <subfield code="l">UEP01</subfield>
   <subfield code="m">BOOK</subfield>
   <subfield code="p">MI</subfield>
   <subfield code="q">DĚK F5</subfield>
   <subfield code="t">na dislokovaném</subfield>
   <subfield code="u">UEP01</subfield>
   <subfield code="v">Ztráta</subfield>
   <subfield code="w">20170315</subfield>
  </datafield>
  <datafield tag="996" ind1=" " ind2=" ">
   <subfield code="1">PDEK5</subfield>
   <subfield code="3">E50134eeee</subfield>
   <subfield code="4">N:P</subfield>
   <subfield code="5">3142299531</subfield>
   <subfield code="8">20170314</subfield>
   <subfield code="9">33MAN</subfield>
   <subfield code="f">83</subfield>
   <subfield code="g">46492</subfield>
   <subfield code="l">UEP01</subfield>
   <subfield code="m">BOOK</subfield>
   <subfield code="p">MI</subfield>
   <subfield code="q">DĚK F5</subfield>
   <subfield code="t">na dislokovaném</subfield>
   <subfield code="u">UEP01</subfield>
   <subfield code="v">Ztráta</subfield>
   <subfield code="w">20170315</subfield>
  </datafield>
  <datafield tag="996" ind1=" " ind2=" ">
   <subfield code="1">PDEK5</subfield>
   <subfield code="3">E50134fff</subfield>
   <subfield code="4">N:P</subfield>
   <subfield code="5">3142299505</subfield>
   <subfield code="8">20170314</subfield>
   <subfield code="9">33MAN</subfield>
   <subfield code="f">83</subfield>
   <subfield code="g">46492</subfield>
   <subfield code="l">UEP01</subfield>
   <subfield code="m">BOOK</subfield>
   <subfield code="p">MI</subfield>
   <subfield code="q">DĚK F5</subfield>
   <subfield code="t">na dislokovaném</subfield>
   <subfield code="u">UEP01</subfield>
   <subfield code="v">Ztráta</subfield>
   <subfield code="w">20170315</subfield>
  </datafield>
  <datafield tag="996" ind1=" " ind2=" ">
   <subfield code="1">PDEK5</subfield>
   <subfield code="3">E50134ffff</subfield>
   <subfield code="4">N:P</subfield>
   <subfield code="5">3142299532</subfield>
   <subfield code="8">20170314</subfield>
   <subfield code="9">33MAN</subfield>
   <subfield code="f">83</subfield>
   <subfield code="g">46492</subfield>
   <subfield code="l">UEP01</subfield>
   <subfield code="m">BOOK</subfield>
   <subfield code="p">MI</subfield>
   <subfield code="q">DĚK F5</subfield>
   <subfield code="t">na dislokovaném</subfield>
   <subfield code="u">UEP01</subfield>
   <subfield code="v">Ztráta</subfield>
   <subfield code="w">20170315</subfield>
  </datafield>
  <datafield tag="996" ind1=" " ind2=" ">
   <subfield code="1">PDEK5</subfield>
   <subfield code="3">E50134ggg</subfield>
   <subfield code="4">N:P</subfield>
   <subfield code="5">3142299506</subfield>
   <subfield code="8">20170314</subfield>
   <subfield code="9">33MAN</subfield>
   <subfield code="f">83</subfield>
   <subfield code="g">46492</subfield>
   <subfield code="l">UEP01</subfield>
   <subfield code="m">BOOK</subfield>
   <subfield code="p">MI</subfield>
   <subfield code="q">DĚK F5</subfield>
   <subfield code="t">na dislokovaném</subfield>
   <subfield code="u">UEP01</subfield>
   <subfield code="v">Ztráta</subfield>
   <subfield code="w">20170315</subfield>
  </datafield>
  <datafield tag="996" ind1=" " ind2=" ">
   <subfield code="1">PDEK5</subfield>
   <subfield code="3">E50134hh</subfield>
   <subfield code="4">N:P</subfield>
   <subfield code="5">3142299480</subfield>
   <subfield code="8">20170313</subfield>
   <subfield code="9">33MAN</subfield>
   <subfield code="f">83</subfield>
   <subfield code="g">46492</subfield>
   <subfield code="l">UEP01</subfield>
   <subfield code="m">BOOK</subfield>
   <subfield code="p">MI</subfield>
   <subfield code="q">DĚK F5</subfield>
   <subfield code="t">na dislokovaném</subfield>
   <subfield code="u">UEP01</subfield>
   <subfield code="v">Ztráta</subfield>
   <subfield code="w">20170315</subfield>
  </datafield>
  <datafield tag="996" ind1=" " ind2=" ">
   <subfield code="1">PDEK5</subfield>
   <subfield code="3">E50134hhh</subfield>
   <subfield code="4">N:P</subfield>
   <subfield code="5">3142299507</subfield>
   <subfield code="8">20170314</subfield>
   <subfield code="9">33MAN</subfield>
   <subfield code="f">83</subfield>
   <subfield code="g">46492</subfield>
   <subfield code="l">UEP01</subfield>
   <subfield code="m">BOOK</subfield>
   <subfield code="p">MI</subfield>
   <subfield code="q">DĚK F5</subfield>
   <subfield code="t">na dislokovaném</subfield>
   <subfield code="u">UEP01</subfield>
   <subfield code="v">Ztráta</subfield>
   <subfield code="w">20170315</subfield>
  </datafield>
  <datafield tag="996" ind1=" " ind2=" ">
   <subfield code="1">PDEK5</subfield>
   <subfield code="3">E50134hhhh</subfield>
   <subfield code="4">N:P</subfield>
   <subfield code="5">3142299534</subfield>
   <subfield code="8">20170314</subfield>
   <subfield code="9">33MAN</subfield>
   <subfield code="f">83</subfield>
   <subfield code="g">46492</subfield>
   <subfield code="l">UEP01</subfield>
   <subfield code="m">BOOK</subfield>
   <subfield code="p">MI</subfield>
   <subfield code="q">DĚK F5</subfield>
   <subfield code="t">na dislokovaném</subfield>
   <subfield code="u">UEP01</subfield>
   <subfield code="v">Ztráta</subfield>
   <subfield code="w">20170315</subfield>
  </datafield>
  <datafield tag="996" ind1=" " ind2=" ">
   <subfield code="1">PDEK5</subfield>
   <subfield code="3">E50134ii</subfield>
   <subfield code="4">N:P</subfield>
   <subfield code="5">3142299482</subfield>
   <subfield code="8">20170313</subfield>
   <subfield code="9">33MAN</subfield>
   <subfield code="f">83</subfield>
   <subfield code="g">46492</subfield>
   <subfield code="l">UEP01</subfield>
   <subfield code="m">BOOK</subfield>
   <subfield code="p">MI</subfield>
   <subfield code="q">DĚK F5</subfield>
   <subfield code="t">na dislokovaném</subfield>
   <subfield code="u">UEP01</subfield>
   <subfield code="v">Ztráta</subfield>
   <subfield code="w">20170315</subfield>
  </datafield>
  <datafield tag="996" ind1=" " ind2=" ">
   <subfield code="1">PDEK5</subfield>
   <subfield code="3">E50134iii</subfield>
   <subfield code="4">N:P</subfield>
   <subfield code="5">3142299509</subfield>
   <subfield code="8">20170314</subfield>
   <subfield code="9">33MAN</subfield>
   <subfield code="f">83</subfield>
   <subfield code="g">46492</subfield>
   <subfield code="l">UEP01</subfield>
   <subfield code="m">BOOK</subfield>
   <subfield code="p">MI</subfield>
   <subfield code="q">DĚK F5</subfield>
   <subfield code="t">na dislokovaném</subfield>
   <subfield code="u">UEP01</subfield>
   <subfield code="v">Ztráta</subfield>
   <subfield code="w">20170315</subfield>
  </datafield>
  <datafield tag="996" ind1=" " ind2=" ">
   <subfield code="1">PDEK5</subfield>
   <subfield code="3">E50134iiii</subfield>
   <subfield code="4">N:P</subfield>
   <subfield code="5">3142299536</subfield>
   <subfield code="8">20170314</subfield>
   <subfield code="9">33MAN</subfield>
   <subfield code="f">83</subfield>
   <subfield code="g">46492</subfield>
   <subfield code="l">UEP01</subfield>
   <subfield code="m">BOOK</subfield>
   <subfield code="p">MI</subfield>
   <subfield code="q">DĚK F5</subfield>
   <subfield code="t">na dislokovaném</subfield>
   <subfield code="u">UEP01</subfield>
   <subfield code="v">Ztráta</subfield>
   <subfield code="w">20170315</subfield>
  </datafield>
  <datafield tag="996" ind1=" " ind2=" ">
   <subfield code="1">PDEK5</subfield>
   <subfield code="3">E50134jj</subfield>
   <subfield code="4">N:P</subfield>
   <subfield code="5">3142299483</subfield>
   <subfield code="8">20170313</subfield>
   <subfield code="9">33MAN</subfield>
   <subfield code="f">83</subfield>
   <subfield code="g">46492</subfield>
   <subfield code="l">UEP01</subfield>
   <subfield code="m">BOOK</subfield>
   <subfield code="p">MI</subfield>
   <subfield code="q">DĚK F5</subfield>
   <subfield code="t">na dislokovaném</subfield>
   <subfield code="u">UEP01</subfield>
   <subfield code="v">Ztráta</subfield>
   <subfield code="w">20170315</subfield>
  </datafield>
  <datafield tag="996" ind1=" " ind2=" ">
   <subfield code="1">PDEK5</subfield>
   <subfield code="3">E50134jjj</subfield>
   <subfield code="4">N:P</subfield>
   <subfield code="5">3142299510</subfield>
   <subfield code="8">20170314</subfield>
   <subfield code="9">33MAN</subfield>
   <subfield code="f">83</subfield>
   <subfield code="g">46492</subfield>
   <subfield code="l">UEP01</subfield>
   <subfield code="m">BOOK</subfield>
   <subfield code="p">MI</subfield>
   <subfield code="q">DĚK F5</subfield>
   <subfield code="t">na dislokovaném</subfield>
   <subfield code="u">UEP01</subfield>
   <subfield code="v">Ztráta</subfield>
   <subfield code="w">20170315</subfield>
  </datafield>
  <datafield tag="996" ind1=" " ind2=" ">
   <subfield code="1">PDEK5</subfield>
   <subfield code="3">E50134jjjj</subfield>
   <subfield code="4">N:P</subfield>
   <subfield code="5">3142299537</subfield>
   <subfield code="8">20170314</subfield>
   <subfield code="9">33MAN</subfield>
   <subfield code="f">83</subfield>
   <subfield code="g">46492</subfield>
   <subfield code="l">UEP01</subfield>
   <subfield code="m">BOOK</subfield>
   <subfield code="p">MI</subfield>
   <subfield code="q">DĚK F5</subfield>
   <subfield code="t">na dislokovaném</subfield>
   <subfield code="u">UEP01</subfield>
   <subfield code="v">Ztráta</subfield>
   <subfield code="w">20170315</subfield>
  </datafield>
  <datafield tag="996" ind1=" " ind2=" ">
   <subfield code="1">PDEK5</subfield>
   <subfield code="3">E50134ll</subfield>
   <subfield code="4">N:P</subfield>
   <subfield code="5">3142299485</subfield>
   <subfield code="8">20170313</subfield>
   <subfield code="9">33MAN</subfield>
   <subfield code="f">83</subfield>
   <subfield code="g">46492</subfield>
   <subfield code="l">UEP01</subfield>
   <subfield code="m">BOOK</subfield>
   <subfield code="p">MI</subfield>
   <subfield code="q">DĚK F5</subfield>
   <subfield code="t">na dislokovaném</subfield>
   <subfield code="u">UEP01</subfield>
   <subfield code="v">Ztráta</subfield>
   <subfield code="w">20170315</subfield>
  </datafield>
  <datafield tag="996" ind1=" " ind2=" ">
   <subfield code="1">PDEK5</subfield>
   <subfield code="3">E50134lll</subfield>
   <subfield code="4">N:P</subfield>
   <subfield code="5">3142299512</subfield>
   <subfield code="8">20170314</subfield>
   <subfield code="9">33MAN</subfield>
   <subfield code="f">83</subfield>
   <subfield code="g">46492</subfield>
   <subfield code="l">UEP01</subfield>
   <subfield code="m">BOOK</subfield>
   <subfield code="p">MI</subfield>
   <subfield code="q">DĚK F5</subfield>
   <subfield code="t">na dislokovaném</subfield>
   <subfield code="u">UEP01</subfield>
   <subfield code="v">Ztráta</subfield>
   <subfield code="w">20170315</subfield>
  </datafield>
  <datafield tag="996" ind1=" " ind2=" ">
   <subfield code="1">PDEK5</subfield>
   <subfield code="3">E50134llll</subfield>
   <subfield code="4">N:P</subfield>
   <subfield code="5">3142299539</subfield>
   <subfield code="8">20170314</subfield>
   <subfield code="9">33MAN</subfield>
   <subfield code="f">83</subfield>
   <subfield code="g">46492</subfield>
   <subfield code="l">UEP01</subfield>
   <subfield code="m">BOOK</subfield>
   <subfield code="p">MI</subfield>
   <subfield code="q">DĚK F5</subfield>
   <subfield code="t">na dislokovaném</subfield>
   <subfield code="u">UEP01</subfield>
   <subfield code="v">Ztráta</subfield>
   <subfield code="w">20170315</subfield>
  </datafield>
  <datafield tag="996" ind1=" " ind2=" ">
   <subfield code="1">PDEK5</subfield>
   <subfield code="3">E50134mmm</subfield>
   <subfield code="4">N:P</subfield>
   <subfield code="5">3142299513</subfield>
   <subfield code="8">20170314</subfield>
   <subfield code="9">33MAN</subfield>
   <subfield code="f">83</subfield>
   <subfield code="g">46492</subfield>
   <subfield code="l">UEP01</subfield>
   <subfield code="m">BOOK</subfield>
   <subfield code="p">MI</subfield>
   <subfield code="q">DĚK F5</subfield>
   <subfield code="t">na dislokovaném</subfield>
   <subfield code="u">UEP01</subfield>
   <subfield code="v">Ztráta</subfield>
   <subfield code="w">20170315</subfield>
  </datafield>
  <datafield tag="996" ind1=" " ind2=" ">
   <subfield code="1">PDEK5</subfield>
   <subfield code="3">E50134nnn</subfield>
   <subfield code="4">N:P</subfield>
   <subfield code="5">3142299514</subfield>
   <subfield code="8">20170314</subfield>
   <subfield code="9">33MAN</subfield>
   <subfield code="f">83</subfield>
   <subfield code="g">46492</subfield>
   <subfield code="l">UEP01</subfield>
   <subfield code="m">BOOK</subfield>
   <subfield code="p">MI</subfield>
   <subfield code="q">DĚK F5</subfield>
   <subfield code="t">na dislokovaném</subfield>
   <subfield code="u">UEP01</subfield>
   <subfield code="v">Ztráta</subfield>
   <subfield code="w">20170315</subfield>
  </datafield>
  <datafield tag="996" ind1=" " ind2=" ">
   <subfield code="1">PDEK5</subfield>
   <subfield code="3">E50134oo</subfield>
   <subfield code="4">N:P</subfield>
   <subfield code="5">3142299488</subfield>
   <subfield code="8">20170313</subfield>
   <subfield code="9">33MAN</subfield>
   <subfield code="f">83</subfield>
   <subfield code="g">46492</subfield>
   <subfield code="l">UEP01</subfield>
   <subfield code="m">BOOK</subfield>
   <subfield code="p">MI</subfield>
   <subfield code="q">DĚK F5</subfield>
   <subfield code="t">na dislokovaném</subfield>
   <subfield code="u">UEP01</subfield>
   <subfield code="v">Ztráta</subfield>
   <subfield code="w">20170315</subfield>
  </datafield>
  <datafield tag="996" ind1=" " ind2=" ">
   <subfield code="1">PDEK5</subfield>
   <subfield code="3">E50134ooo</subfield>
   <subfield code="4">N:P</subfield>
   <subfield code="5">3142299515</subfield>
   <subfield code="8">20170314</subfield>
   <subfield code="9">33MAN</subfield>
   <subfield code="f">83</subfield>
   <subfield code="g">46492</subfield>
   <subfield code="l">UEP01</subfield>
   <subfield code="m">BOOK</subfield>
   <subfield code="p">MI</subfield>
   <subfield code="q">DĚK F5</subfield>
   <subfield code="t">na dislokovaném</subfield>
   <subfield code="u">UEP01</subfield>
   <subfield code="v">Ztráta</subfield>
   <subfield code="w">20170315</subfield>
  </datafield>
  <datafield tag="996" ind1=" " ind2=" ">
   <subfield code="1">PDEK5</subfield>
   <subfield code="3">E50134pp</subfield>
   <subfield code="4">N:P</subfield>
   <subfield code="5">3142299489</subfield>
   <subfield code="8">20170313</subfield>
   <subfield code="9">33MAN</subfield>
   <subfield code="f">83</subfield>
   <subfield code="g">46492</subfield>
   <subfield code="l">UEP01</subfield>
   <subfield code="m">BOOK</subfield>
   <subfield code="p">MI</subfield>
   <subfield code="q">DĚK F5</subfield>
   <subfield code="t">na dislokovaném</subfield>
   <subfield code="u">UEP01</subfield>
   <subfield code="v">Ztráta</subfield>
   <subfield code="w">20170315</subfield>
  </datafield>
  <datafield tag="996" ind1=" " ind2=" ">
   <subfield code="1">PDEK5</subfield>
   <subfield code="3">E50134ppp</subfield>
   <subfield code="4">N:P</subfield>
   <subfield code="5">3142299516</subfield>
   <subfield code="8">20170314</subfield>
   <subfield code="9">33MAN</subfield>
   <subfield code="f">83</subfield>
   <subfield code="g">46492</subfield>
   <subfield code="l">UEP01</subfield>
   <subfield code="m">BOOK</subfield>
   <subfield code="p">MI</subfield>
   <subfield code="q">DĚK F5</subfield>
   <subfield code="t">na dislokovaném</subfield>
   <subfield code="u">UEP01</subfield>
   <subfield code="v">Ztráta</subfield>
   <subfield code="w">20170315</subfield>
  </datafield>
  <datafield tag="996" ind1=" " ind2=" ">
   <subfield code="1">PDEK5</subfield>
   <subfield code="3">E50134qqq</subfield>
   <subfield code="4">N:P</subfield>
   <subfield code="5">3142299517</subfield>
   <subfield code="8">20170314</subfield>
   <subfield code="9">33MAN</subfield>
   <subfield code="f">83</subfield>
   <subfield code="g">46492</subfield>
   <subfield code="l">UEP01</subfield>
   <subfield code="m">BOOK</subfield>
   <subfield code="p">MI</subfield>
   <subfield code="q">DĚK F5</subfield>
   <subfield code="t">na dislokovaném</subfield>
   <subfield code="u">UEP01</subfield>
   <subfield code="v">Ztráta</subfield>
   <subfield code="w">20170315</subfield>
  </datafield>
  <datafield tag="996" ind1=" " ind2=" ">
   <subfield code="1">PDEK5</subfield>
   <subfield code="3">E50134rrr</subfield>
   <subfield code="4">N:P</subfield>
   <subfield code="5">3142299518</subfield>
   <subfield code="8">20170314</subfield>
   <subfield code="9">33MAN</subfield>
   <subfield code="f">83</subfield>
   <subfield code="g">46492</subfield>
   <subfield code="l">UEP01</subfield>
   <subfield code="m">BOOK</subfield>
   <subfield code="p">MI</subfield>
   <subfield code="q">DĚK F5</subfield>
   <subfield code="t">na dislokovaném</subfield>
   <subfield code="u">UEP01</subfield>
   <subfield code="v">Ztráta</subfield>
   <subfield code="w">20170315</subfield>
  </datafield>
  <datafield tag="996" ind1=" " ind2=" ">
   <subfield code="1">PDEK5</subfield>
   <subfield code="3">E50134ss</subfield>
   <subfield code="4">N:P</subfield>
   <subfield code="5">3142299492</subfield>
   <subfield code="8">20170313</subfield>
   <subfield code="9">33MAN</subfield>
   <subfield code="f">83</subfield>
   <subfield code="g">46492</subfield>
   <subfield code="l">UEP01</subfield>
   <subfield code="m">BOOK</subfield>
   <subfield code="p">MI</subfield>
   <subfield code="q">DĚK F5</subfield>
   <subfield code="t">na dislokovaném</subfield>
   <subfield code="u">UEP01</subfield>
   <subfield code="v">Ztráta</subfield>
   <subfield code="w">20170315</subfield>
  </datafield>
  <datafield tag="996" ind1=" " ind2=" ">
   <subfield code="1">PDEK5</subfield>
   <subfield code="3">E50134sss</subfield>
   <subfield code="4">N:P</subfield>
   <subfield code="5">3142299519</subfield>
   <subfield code="8">20170314</subfield>
   <subfield code="9">33MAN</subfield>
   <subfield code="f">83</subfield>
   <subfield code="g">46492</subfield>
   <subfield code="l">UEP01</subfield>
   <subfield code="m">BOOK</subfield>
   <subfield code="p">MI</subfield>
   <subfield code="q">DĚK F5</subfield>
   <subfield code="t">na dislokovaném</subfield>
   <subfield code="u">UEP01</subfield>
   <subfield code="v">Ztráta</subfield>
   <subfield code="w">20170315</subfield>
  </datafield>
  <datafield tag="996" ind1=" " ind2=" ">
   <subfield code="1">PDEK5</subfield>
   <subfield code="3">E50134ttt</subfield>
   <subfield code="4">N:P</subfield>
   <subfield code="5">3142299520</subfield>
   <subfield code="8">20170314</subfield>
   <subfield code="9">33MAN</subfield>
   <subfield code="f">83</subfield>
   <subfield code="g">46492</subfield>
   <subfield code="l">UEP01</subfield>
   <subfield code="m">BOOK</subfield>
   <subfield code="p">MI</subfield>
   <subfield code="q">DĚK F5</subfield>
   <subfield code="t">na dislokovaném</subfield>
   <subfield code="u">UEP01</subfield>
   <subfield code="v">Ztráta</subfield>
   <subfield code="w">20170315</subfield>
  </datafield>
  <datafield tag="996" ind1=" " ind2=" ">
   <subfield code="1">PDEK5</subfield>
   <subfield code="3">E50134yyy</subfield>
   <subfield code="4">N:P</subfield>
   <subfield code="5">3142299525</subfield>
   <subfield code="8">20170314</subfield>
   <subfield code="9">33MAN</subfield>
   <subfield code="f">83</subfield>
   <subfield code="g">46492</subfield>
   <subfield code="l">UEP01</subfield>
   <subfield code="m">BOOK</subfield>
   <subfield code="p">MI</subfield>
   <subfield code="q">DĚK F5</subfield>
   <subfield code="t">na dislokovaném</subfield>
   <subfield code="u">UEP01</subfield>
   <subfield code="v">Ztráta</subfield>
   <subfield code="w">20170315</subfield>
  </datafield>
  <datafield tag="996" ind1=" " ind2=" ">
   <subfield code="1">PDEK5</subfield>
   <subfield code="3">E50134zzz</subfield>
   <subfield code="4">N:P</subfield>
   <subfield code="5">3142299526</subfield>
   <subfield code="8">20170314</subfield>
   <subfield code="9">33MAN</subfield>
   <subfield code="f">83</subfield>
   <subfield code="g">46492</subfield>
   <subfield code="l">UEP01</subfield>
   <subfield code="m">BOOK</subfield>
   <subfield code="p">MI</subfield>
   <subfield code="q">DĚK F5</subfield>
   <subfield code="t">na dislokovaném</subfield>
   <subfield code="u">UEP01</subfield>
   <subfield code="v">Ztráta</subfield>
   <subfield code="w">20170315</subfield>
  </datafield>
  <datafield tag="996" ind1=" " ind2=" ">
   <subfield code="1">PF2IB</subfield>
   <subfield code="3">E50134j</subfield>
   <subfield code="4">N:P</subfield>
   <subfield code="5">3142298678</subfield>
   <subfield code="8">20170223</subfield>
   <subfield code="9">33MAN</subfield>
   <subfield code="f">83</subfield>
   <subfield code="g">46420</subfield>
   <subfield code="l">UEP01</subfield>
   <subfield code="m">BOOK</subfield>
   <subfield code="p">MI</subfield>
   <subfield code="q">Int. business - bachelor (IBB)</subfield>
   <subfield code="t">na dislokovaném</subfield>
   <subfield code="u">UEP01</subfield>
   <subfield code="v">Ztráta</subfield>
   <subfield code="w">20170227</subfield>
  </datafield>
  <datafield tag="996" ind1=" " ind2=" ">
   <subfield code="1">PIPC</subfield>
   <subfield code="3">E50134aaa</subfield>
   <subfield code="4">N:P</subfield>
   <subfield code="5">3142299500</subfield>
   <subfield code="8">20170314</subfield>
   <subfield code="9">33MAN</subfield>
   <subfield code="f">83</subfield>
   <subfield code="g">46492</subfield>
   <subfield code="l">UEP01</subfield>
   <subfield code="m">BOOK</subfield>
   <subfield code="q">International programs center</subfield>
   <subfield code="s">DISLOK: Horová, Klára - ISIS136836</subfield>
   <subfield code="t">na dislokovaném</subfield>
   <subfield code="u">UEP01</subfield>
   <subfield code="w">20170315</subfield>
  </datafield>
  <datafield tag="996" ind1=" " ind2=" ">
   <subfield code="1">PIPC</subfield>
   <subfield code="3">E50134dddd</subfield>
   <subfield code="4">N:P</subfield>
   <subfield code="5">3142299530</subfield>
   <subfield code="8">20170314</subfield>
   <subfield code="9">33MAN</subfield>
   <subfield code="f">83</subfield>
   <subfield code="g">46492</subfield>
   <subfield code="l">UEP01</subfield>
   <subfield code="m">BOOK</subfield>
   <subfield code="q">International programs center</subfield>
   <subfield code="s">DISLOK: Horová, Klára - ISIS136836</subfield>
   <subfield code="t">na dislokovaném</subfield>
   <subfield code="u">UEP01</subfield>
   <subfield code="w">20170315</subfield>
  </datafield>
  <datafield tag="996" ind1=" " ind2=" ">
   <subfield code="1">PIPC</subfield>
   <subfield code="3">E50134gggg</subfield>
   <subfield code="4">N:P</subfield>
   <subfield code="5">3142299533</subfield>
   <subfield code="8">20170314</subfield>
   <subfield code="9">33MAN</subfield>
   <subfield code="f">83</subfield>
   <subfield code="g">46492</subfield>
   <subfield code="l">UEP01</subfield>
   <subfield code="m">BOOK</subfield>
   <subfield code="q">International programs center</subfield>
   <subfield code="s">DISLOK: Horová, Klára - ISIS136836</subfield>
   <subfield code="t">na dislokovaném</subfield>
   <subfield code="u">UEP01</subfield>
   <subfield code="w">20170315</subfield>
  </datafield>
  <datafield tag="996" ind1=" " ind2=" ">
   <subfield code="1">PIPC</subfield>
   <subfield code="3">E50134kk</subfield>
   <subfield code="4">N:P</subfield>
   <subfield code="5">3142299484</subfield>
   <subfield code="8">20170313</subfield>
   <subfield code="9">33MAN</subfield>
   <subfield code="f">83</subfield>
   <subfield code="g">46492</subfield>
   <subfield code="l">UEP01</subfield>
   <subfield code="m">BOOK</subfield>
   <subfield code="q">International programs center</subfield>
   <subfield code="s">DISLOK: Horová, Klára - ISIS136836</subfield>
   <subfield code="t">na dislokovaném</subfield>
   <subfield code="u">UEP01</subfield>
   <subfield code="w">20170315</subfield>
  </datafield>
  <datafield tag="996" ind1=" " ind2=" ">
   <subfield code="1">PIPC</subfield>
   <subfield code="3">E50134kkk</subfield>
   <subfield code="4">N:P</subfield>
   <subfield code="5">3142299511</subfield>
   <subfield code="8">20170314</subfield>
   <subfield code="9">33MAN</subfield>
   <subfield code="f">83</subfield>
   <subfield code="g">46492</subfield>
   <subfield code="l">UEP01</subfield>
   <subfield code="m">BOOK</subfield>
   <subfield code="q">International programs center</subfield>
   <subfield code="s">DISLOK: Horová, Klára - ISIS136836</subfield>
   <subfield code="t">na dislokovaném</subfield>
   <subfield code="u">UEP01</subfield>
   <subfield code="w">20170315</subfield>
  </datafield>
  <datafield tag="996" ind1=" " ind2=" ">
   <subfield code="1">PIPC</subfield>
   <subfield code="3">E50134kkkk</subfield>
   <subfield code="4">N:P</subfield>
   <subfield code="5">3142299538</subfield>
   <subfield code="8">20170314</subfield>
   <subfield code="9">33MAN</subfield>
   <subfield code="f">83</subfield>
   <subfield code="g">46492</subfield>
   <subfield code="l">UEP01</subfield>
   <subfield code="m">BOOK</subfield>
   <subfield code="q">International programs center</subfield>
   <subfield code="s">DISLOK: Horová, Klára - ISIS136836</subfield>
   <subfield code="t">na dislokovaném</subfield>
   <subfield code="u">UEP01</subfield>
   <subfield code="w">20170315</subfield>
  </datafield>
  <datafield tag="996" ind1=" " ind2=" ">
   <subfield code="1">PIPC</subfield>
   <subfield code="3">E50134mm</subfield>
   <subfield code="4">N:P</subfield>
   <subfield code="5">3142299486</subfield>
   <subfield code="8">20170313</subfield>
   <subfield code="9">33MAN</subfield>
   <subfield code="f">83</subfield>
   <subfield code="g">46492</subfield>
   <subfield code="l">UEP01</subfield>
   <subfield code="m">BOOK</subfield>
   <subfield code="q">International programs center</subfield>
   <subfield code="s">DISLOK: Horová, Klára - ISIS136836</subfield>
   <subfield code="t">na dislokovaném</subfield>
   <subfield code="u">UEP01</subfield>
   <subfield code="w">20170315</subfield>
  </datafield>
  <datafield tag="996" ind1=" " ind2=" ">
   <subfield code="1">PIPC</subfield>
   <subfield code="3">E50134nn</subfield>
   <subfield code="4">N:P</subfield>
   <subfield code="5">3142299487</subfield>
   <subfield code="8">20170313</subfield>
   <subfield code="9">33MAN</subfield>
   <subfield code="f">83</subfield>
   <subfield code="g">46492</subfield>
   <subfield code="l">UEP01</subfield>
   <subfield code="m">BOOK</subfield>
   <subfield code="q">International programs center</subfield>
   <subfield code="s">DISLOK: Horová, Klára - ISIS136836</subfield>
   <subfield code="t">na dislokovaném</subfield>
   <subfield code="u">UEP01</subfield>
   <subfield code="w">20170315</subfield>
  </datafield>
  <datafield tag="996" ind1=" " ind2=" ">
   <subfield code="1">PIPC</subfield>
   <subfield code="3">E50134qq</subfield>
   <subfield code="4">N:P</subfield>
   <subfield code="5">3142299490</subfield>
   <subfield code="8">20170313</subfield>
   <subfield code="9">33MAN</subfield>
   <subfield code="f">83</subfield>
   <subfield code="g">46492</subfield>
   <subfield code="l">UEP01</subfield>
   <subfield code="m">BOOK</subfield>
   <subfield code="q">International programs center</subfield>
   <subfield code="s">DISLOK: Horová, Klára - ISIS136836</subfield>
   <subfield code="t">na dislokovaném</subfield>
   <subfield code="u">UEP01</subfield>
   <subfield code="w">20170315</subfield>
  </datafield>
  <datafield tag="996" ind1=" " ind2=" ">
   <subfield code="1">PIPC</subfield>
   <subfield code="3">E50134rr</subfield>
   <subfield code="4">N:P</subfield>
   <subfield code="5">3142299491</subfield>
   <subfield code="8">20170313</subfield>
   <subfield code="9">33MAN</subfield>
   <subfield code="f">83</subfield>
   <subfield code="g">46492</subfield>
   <subfield code="l">UEP01</subfield>
   <subfield code="m">BOOK</subfield>
   <subfield code="q">International programs center</subfield>
   <subfield code="s">DISLOK: Horová, Klára - ISIS136836</subfield>
   <subfield code="t">na dislokovaném</subfield>
   <subfield code="u">UEP01</subfield>
   <subfield code="w">20170315</subfield>
  </datafield>
  <datafield tag="996" ind1=" " ind2=" ">
   <subfield code="1">PIPC</subfield>
   <subfield code="3">E50134tt</subfield>
   <subfield code="4">N:P</subfield>
   <subfield code="5">3142299493</subfield>
   <subfield code="8">20170313</subfield>
   <subfield code="9">33MAN</subfield>
   <subfield code="f">83</subfield>
   <subfield code="g">46492</subfield>
   <subfield code="l">UEP01</subfield>
   <subfield code="m">BOOK</subfield>
   <subfield code="q">International programs center</subfield>
   <subfield code="s">DISLOK: Horová, Klára - ISIS136836</subfield>
   <subfield code="t">na dislokovaném</subfield>
   <subfield code="u">UEP01</subfield>
   <subfield code="w">20170315</subfield>
  </datafield>
  <datafield tag="996" ind1=" " ind2=" ">
   <subfield code="1">PIPC</subfield>
   <subfield code="3">E50134uu</subfield>
   <subfield code="4">N:P</subfield>
   <subfield code="5">3142299494</subfield>
   <subfield code="8">20170313</subfield>
   <subfield code="9">33MAN</subfield>
   <subfield code="f">83</subfield>
   <subfield code="g">46492</subfield>
   <subfield code="l">UEP01</subfield>
   <subfield code="m">BOOK</subfield>
   <subfield code="q">International programs center</subfield>
   <subfield code="s">DISLOK: Horová, Klára - ISIS136836</subfield>
   <subfield code="t">na dislokovaném</subfield>
   <subfield code="u">UEP01</subfield>
   <subfield code="w">20170315</subfield>
  </datafield>
  <datafield tag="996" ind1=" " ind2=" ">
   <subfield code="1">PIPC</subfield>
   <subfield code="3">E50134uuu</subfield>
   <subfield code="4">N:P</subfield>
   <subfield code="5">3142299521</subfield>
   <subfield code="8">20170314</subfield>
   <subfield code="9">33MAN</subfield>
   <subfield code="f">83</subfield>
   <subfield code="g">46492</subfield>
   <subfield code="l">UEP01</subfield>
   <subfield code="m">BOOK</subfield>
   <subfield code="q">International programs center</subfield>
   <subfield code="s">DISLOK: Horová, Klára - ISIS136836</subfield>
   <subfield code="t">na dislokovaném</subfield>
   <subfield code="u">UEP01</subfield>
   <subfield code="w">20170315</subfield>
  </datafield>
  <datafield tag="996" ind1=" " ind2=" ">
   <subfield code="1">PIPC</subfield>
   <subfield code="3">E50134vv</subfield>
   <subfield code="4">N:P</subfield>
   <subfield code="5">3142299495</subfield>
   <subfield code="8">20170313</subfield>
   <subfield code="9">33MAN</subfield>
   <subfield code="f">83</subfield>
   <subfield code="g">46492</subfield>
   <subfield code="l">UEP01</subfield>
   <subfield code="m">BOOK</subfield>
   <subfield code="q">International programs center</subfield>
   <subfield code="s">DISLOK: Horová, Klára - ISIS136836</subfield>
   <subfield code="t">na dislokovaném</subfield>
   <subfield code="u">UEP01</subfield>
   <subfield code="w">20170315</subfield>
  </datafield>
  <datafield tag="996" ind1=" " ind2=" ">
   <subfield code="1">PIPC</subfield>
   <subfield code="3">E50134vvv</subfield>
   <subfield code="4">N:P</subfield>
   <subfield code="5">3142299522</subfield>
   <subfield code="8">20170314</subfield>
   <subfield code="9">33MAN</subfield>
   <subfield code="f">83</subfield>
   <subfield code="g">46492</subfield>
   <subfield code="l">UEP01</subfield>
   <subfield code="m">BOOK</subfield>
   <subfield code="q">International programs center</subfield>
   <subfield code="s">DISLOK: Horová, Klára - ISIS136836</subfield>
   <subfield code="t">na dislokovaném</subfield>
   <subfield code="u">UEP01</subfield>
   <subfield code="w">20170315</subfield>
  </datafield>
  <datafield tag="996" ind1=" " ind2=" ">
   <subfield code="1">PIPC</subfield>
   <subfield code="3">E50134ww</subfield>
   <subfield code="4">N:P</subfield>
   <subfield code="5">3142299496</subfield>
   <subfield code="8">20170313</subfield>
   <subfield code="9">33MAN</subfield>
   <subfield code="f">83</subfield>
   <subfield code="g">46492</subfield>
   <subfield code="l">UEP01</subfield>
   <subfield code="m">BOOK</subfield>
   <subfield code="q">International programs center</subfield>
   <subfield code="s">DISLOK: Horová, Klára - ISIS136836</subfield>
   <subfield code="t">na dislokovaném</subfield>
   <subfield code="u">UEP01</subfield>
   <subfield code="w">20170315</subfield>
  </datafield>
  <datafield tag="996" ind1=" " ind2=" ">
   <subfield code="1">PIPC</subfield>
   <subfield code="3">E50134www</subfield>
   <subfield code="4">N:P</subfield>
   <subfield code="5">3142299523</subfield>
   <subfield code="8">20170314</subfield>
   <subfield code="9">33MAN</subfield>
   <subfield code="f">83</subfield>
   <subfield code="g">46492</subfield>
   <subfield code="l">UEP01</subfield>
   <subfield code="m">BOOK</subfield>
   <subfield code="p">MI</subfield>
   <subfield code="q">International programs center</subfield>
   <subfield code="t">na dislokovaném</subfield>
   <subfield code="u">UEP01</subfield>
   <subfield code="v">Ztráta</subfield>
   <subfield code="w">20170315</subfield>
  </datafield>
  <datafield tag="996" ind1=" " ind2=" ">
   <subfield code="1">PIPC</subfield>
   <subfield code="3">E50134xx</subfield>
   <subfield code="4">N:P</subfield>
   <subfield code="5">3142299497</subfield>
   <subfield code="8">20170314</subfield>
   <subfield code="9">33MAN</subfield>
   <subfield code="f">83</subfield>
   <subfield code="g">46492</subfield>
   <subfield code="l">UEP01</subfield>
   <subfield code="m">BOOK</subfield>
   <subfield code="q">International programs center</subfield>
   <subfield code="s">DISLOK: Horová, Klára - ISIS136836</subfield>
   <subfield code="t">na dislokovaném</subfield>
   <subfield code="u">UEP01</subfield>
   <subfield code="w">20170315</subfield>
  </datafield>
  <datafield tag="996" ind1=" " ind2=" ">
   <subfield code="1">PIPC</subfield>
   <subfield code="3">E50134xxx</subfield>
   <subfield code="4">N:P</subfield>
   <subfield code="5">3142299524</subfield>
   <subfield code="8">20170314</subfield>
   <subfield code="9">33MAN</subfield>
   <subfield code="f">83</subfield>
   <subfield code="g">46492</subfield>
   <subfield code="l">UEP01</subfield>
   <subfield code="m">BOOK</subfield>
   <subfield code="q">International programs center</subfield>
   <subfield code="s">DISLOK: Horová, Klára - ISIS136836</subfield>
   <subfield code="t">na dislokovaném</subfield>
   <subfield code="u">UEP01</subfield>
   <subfield code="w">20170315</subfield>
  </datafield>
  <datafield tag="996" ind1=" " ind2=" ">
   <subfield code="1">PIPC</subfield>
   <subfield code="3">E50134yy</subfield>
   <subfield code="4">N:P</subfield>
   <subfield code="5">3142299498</subfield>
   <subfield code="8">20170314</subfield>
   <subfield code="9">33MAN</subfield>
   <subfield code="f">83</subfield>
   <subfield code="g">46492</subfield>
   <subfield code="l">UEP01</subfield>
   <subfield code="m">BOOK</subfield>
   <subfield code="q">International programs center</subfield>
   <subfield code="s">DISLOK: Horová, Klára - ISIS136836</subfield>
   <subfield code="t">na dislokovaném</subfield>
   <subfield code="u">UEP01</subfield>
   <subfield code="w">20170315</subfield>
  </datafield>
  <datafield tag="996" ind1=" " ind2=" ">
   <subfield code="1">PIPC</subfield>
   <subfield code="3">E50134zz</subfield>
   <subfield code="4">N:P</subfield>
   <subfield code="5">3142299499</subfield>
   <subfield code="8">20170314</subfield>
   <subfield code="9">33MAN</subfield>
   <subfield code="f">83</subfield>
   <subfield code="g">46492</subfield>
   <subfield code="l">UEP01</subfield>
   <subfield code="m">BOOK</subfield>
   <subfield code="q">International programs center</subfield>
   <subfield code="s">DISLOK: Horová, Klára - ISIS136836</subfield>
   <subfield code="t">na dislokovaném</subfield>
   <subfield code="u">UEP01</subfield>
   <subfield code="w">20170315</subfield>
  </datafield>
  <datafield tag="996" ind1=" " ind2=" ">
   <subfield code="1">PSKLA</subfield>
   <subfield code="3">E50134</subfield>
   <subfield code="4">N:P</subfield>
   <subfield code="5">3142298667</subfield>
   <subfield code="8">20170222</subfield>
   <subfield code="9">33MAN</subfield>
   <subfield code="f">81</subfield>
   <subfield code="g">46420</subfield>
   <subfield code="l">UEP01</subfield>
   <subfield code="m">BOOK</subfield>
   <subfield code="q">Knihovna Žižkov - sklad</subfield>
   <subfield code="t">na 1 měsíc</subfield>
   <subfield code="u">UEP01</subfield>
   <subfield code="w">20170227</subfield>
  </datafield>
  <datafield tag="996" ind1=" " ind2=" ">
   <subfield code="1">PSKLA</subfield>
   <subfield code="3">E50134a</subfield>
   <subfield code="4">N:P</subfield>
   <subfield code="5">3142298668</subfield>
   <subfield code="8">20170222</subfield>
   <subfield code="9">33MAN</subfield>
   <subfield code="f">81</subfield>
   <subfield code="g">46420</subfield>
   <subfield code="l">UEP01</subfield>
   <subfield code="m">BOOK</subfield>
   <subfield code="q">Knihovna Žižkov - sklad</subfield>
   <subfield code="t">na 1 měsíc</subfield>
   <subfield code="u">UEP01</subfield>
   <subfield code="w">20170227</subfield>
  </datafield>
  <datafield tag="996" ind1=" " ind2=" ">
   <subfield code="1">PSKLA</subfield>
   <subfield code="3">E50134b</subfield>
   <subfield code="4">N:P</subfield>
   <subfield code="5">3142298669</subfield>
   <subfield code="8">20170222</subfield>
   <subfield code="9">33MAN</subfield>
   <subfield code="f">81</subfield>
   <subfield code="g">46420</subfield>
   <subfield code="l">UEP01</subfield>
   <subfield code="m">BOOK</subfield>
   <subfield code="q">Knihovna Žižkov - sklad</subfield>
   <subfield code="t">na 1 měsíc</subfield>
   <subfield code="u">UEP01</subfield>
   <subfield code="w">20170227</subfield>
  </datafield>
  <datafield tag="996" ind1=" " ind2=" ">
   <subfield code="1">PSKLA</subfield>
   <subfield code="3">E50134bb</subfield>
   <subfield code="4">N:P</subfield>
   <subfield code="5">3142298696</subfield>
   <subfield code="8">20170223</subfield>
   <subfield code="9">33MAN</subfield>
   <subfield code="f">81</subfield>
   <subfield code="g">46420</subfield>
   <subfield code="l">UEP01</subfield>
   <subfield code="m">BOOK</subfield>
   <subfield code="q">Knihovna Žižkov - sklad</subfield>
   <subfield code="t">na 1 měsíc</subfield>
   <subfield code="u">UEP01</subfield>
   <subfield code="w">20170227</subfield>
  </datafield>
  <datafield tag="996" ind1=" " ind2=" ">
   <subfield code="1">PSKLA</subfield>
   <subfield code="3">E50134c</subfield>
   <subfield code="4">N:P</subfield>
   <subfield code="5">3142298670</subfield>
   <subfield code="8">20170222</subfield>
   <subfield code="9">33MAN</subfield>
   <subfield code="f">81</subfield>
   <subfield code="g">46420</subfield>
   <subfield code="l">UEP01</subfield>
   <subfield code="m">BOOK</subfield>
   <subfield code="q">Knihovna Žižkov - sklad</subfield>
   <subfield code="t">na 1 měsíc</subfield>
   <subfield code="u">UEP01</subfield>
   <subfield code="w">20170227</subfield>
  </datafield>
  <datafield tag="996" ind1=" " ind2=" ">
   <subfield code="1">PSKLA</subfield>
   <subfield code="3">E50134cc</subfield>
   <subfield code="4">N:P</subfield>
   <subfield code="5">3142298697</subfield>
   <subfield code="8">20170223</subfield>
   <subfield code="9">33MAN</subfield>
   <subfield code="f">81</subfield>
   <subfield code="g">46420</subfield>
   <subfield code="l">UEP01</subfield>
   <subfield code="m">BOOK</subfield>
   <subfield code="q">Knihovna Žižkov - sklad</subfield>
   <subfield code="t">na 1 měsíc</subfield>
   <subfield code="u">UEP01</subfield>
   <subfield code="w">20170227</subfield>
  </datafield>
  <datafield tag="996" ind1=" " ind2=" ">
   <subfield code="1">PSKLA</subfield>
   <subfield code="3">E50134ch</subfield>
   <subfield code="4">N:P</subfield>
   <subfield code="5">3142298676</subfield>
   <subfield code="8">20170222</subfield>
   <subfield code="9">33MAN</subfield>
   <subfield code="f">81</subfield>
   <subfield code="g">46420</subfield>
   <subfield code="l">UEP01</subfield>
   <subfield code="m">BOOK</subfield>
   <subfield code="q">Knihovna Žižkov - sklad</subfield>
   <subfield code="t">na 1 měsíc</subfield>
   <subfield code="u">UEP01</subfield>
   <subfield code="w">20170227</subfield>
  </datafield>
  <datafield tag="996" ind1=" " ind2=" ">
   <subfield code="1">PSKLA</subfield>
   <subfield code="3">E50134d</subfield>
   <subfield code="4">N:P</subfield>
   <subfield code="5">3142298671</subfield>
   <subfield code="8">20170222</subfield>
   <subfield code="9">33MAN</subfield>
   <subfield code="f">81</subfield>
   <subfield code="g">46420</subfield>
   <subfield code="l">UEP01</subfield>
   <subfield code="m">BOOK</subfield>
   <subfield code="q">Knihovna Žižkov - sklad</subfield>
   <subfield code="t">na 1 měsíc</subfield>
   <subfield code="u">UEP01</subfield>
   <subfield code="w">20170227</subfield>
  </datafield>
  <datafield tag="996" ind1=" " ind2=" ">
   <subfield code="1">PSKLA</subfield>
   <subfield code="3">E50134dd</subfield>
   <subfield code="4">N:P</subfield>
   <subfield code="5">3142298698</subfield>
   <subfield code="8">20170223</subfield>
   <subfield code="9">33MAN</subfield>
   <subfield code="f">81</subfield>
   <subfield code="g">46420</subfield>
   <subfield code="l">UEP01</subfield>
   <subfield code="m">BOOK</subfield>
   <subfield code="q">Knihovna Žižkov - sklad</subfield>
   <subfield code="t">na 1 měsíc</subfield>
   <subfield code="u">UEP01</subfield>
   <subfield code="w">20170227</subfield>
  </datafield>
  <datafield tag="996" ind1=" " ind2=" ">
   <subfield code="1">PSKLA</subfield>
   <subfield code="3">E50134e</subfield>
   <subfield code="4">N:P</subfield>
   <subfield code="5">3142298672</subfield>
   <subfield code="8">20170222</subfield>
   <subfield code="9">33MAN</subfield>
   <subfield code="f">81</subfield>
   <subfield code="g">46420</subfield>
   <subfield code="l">UEP01</subfield>
   <subfield code="m">BOOK</subfield>
   <subfield code="q">Knihovna Žižkov - sklad</subfield>
   <subfield code="t">na 1 měsíc</subfield>
   <subfield code="u">UEP01</subfield>
   <subfield code="w">20170227</subfield>
  </datafield>
  <datafield tag="996" ind1=" " ind2=" ">
   <subfield code="1">PSKLA</subfield>
   <subfield code="3">E50134ee</subfield>
   <subfield code="4">N:P</subfield>
   <subfield code="5">3142298699</subfield>
   <subfield code="8">20170223</subfield>
   <subfield code="9">33MAN</subfield>
   <subfield code="f">81</subfield>
   <subfield code="g">46420</subfield>
   <subfield code="l">UEP01</subfield>
   <subfield code="m">BOOK</subfield>
   <subfield code="q">Knihovna Žižkov - sklad</subfield>
   <subfield code="t">na 1 měsíc</subfield>
   <subfield code="u">UEP01</subfield>
   <subfield code="w">20170227</subfield>
  </datafield>
  <datafield tag="996" ind1=" " ind2=" ">
   <subfield code="1">PSKLA</subfield>
   <subfield code="3">E50134f</subfield>
   <subfield code="4">N:P</subfield>
   <subfield code="5">3142298673</subfield>
   <subfield code="8">20170222</subfield>
   <subfield code="9">33MAN</subfield>
   <subfield code="f">81</subfield>
   <subfield code="g">46420</subfield>
   <subfield code="l">UEP01</subfield>
   <subfield code="m">BOOK</subfield>
   <subfield code="q">Knihovna Žižkov - sklad</subfield>
   <subfield code="t">na 1 měsíc</subfield>
   <subfield code="u">UEP01</subfield>
   <subfield code="w">20170227</subfield>
  </datafield>
  <datafield tag="996" ind1=" " ind2=" ">
   <subfield code="1">PSKLA</subfield>
   <subfield code="3">E50134ff</subfield>
   <subfield code="4">N:P</subfield>
   <subfield code="5">3142298700</subfield>
   <subfield code="8">20170223</subfield>
   <subfield code="9">33MAN</subfield>
   <subfield code="f">81</subfield>
   <subfield code="g">46420</subfield>
   <subfield code="l">UEP01</subfield>
   <subfield code="m">BOOK</subfield>
   <subfield code="q">Knihovna Žižkov - sklad</subfield>
   <subfield code="t">na 1 měsíc</subfield>
   <subfield code="u">UEP01</subfield>
   <subfield code="w">20170227</subfield>
  </datafield>
  <datafield tag="996" ind1=" " ind2=" ">
   <subfield code="1">PSKLA</subfield>
   <subfield code="3">E50134g</subfield>
   <subfield code="4">N:P</subfield>
   <subfield code="5">3142298674</subfield>
   <subfield code="8">20170222</subfield>
   <subfield code="9">33MAN</subfield>
   <subfield code="f">81</subfield>
   <subfield code="g">46420</subfield>
   <subfield code="l">UEP01</subfield>
   <subfield code="m">BOOK</subfield>
   <subfield code="q">Knihovna Žižkov - sklad</subfield>
   <subfield code="t">na 1 měsíc</subfield>
   <subfield code="u">UEP01</subfield>
   <subfield code="w">20170227</subfield>
  </datafield>
  <datafield tag="996" ind1=" " ind2=" ">
   <subfield code="1">PSKLA</subfield>
   <subfield code="3">E50134gg</subfield>
   <subfield code="4">N:P</subfield>
   <subfield code="5">3142298701</subfield>
   <subfield code="8">20170223</subfield>
   <subfield code="9">33MAN</subfield>
   <subfield code="f">81</subfield>
   <subfield code="g">46420</subfield>
   <subfield code="l">UEP01</subfield>
   <subfield code="m">BOOK</subfield>
   <subfield code="q">Knihovna Žižkov - sklad</subfield>
   <subfield code="t">na 1 měsíc</subfield>
   <subfield code="u">UEP01</subfield>
   <subfield code="w">20170227</subfield>
  </datafield>
  <datafield tag="996" ind1=" " ind2=" ">
   <subfield code="1">PSKLA</subfield>
   <subfield code="3">E50134h</subfield>
   <subfield code="4">N:P</subfield>
   <subfield code="5">3142298675</subfield>
   <subfield code="8">20170222</subfield>
   <subfield code="9">33MAN</subfield>
   <subfield code="f">81</subfield>
   <subfield code="g">46420</subfield>
   <subfield code="l">UEP01</subfield>
   <subfield code="m">BOOK</subfield>
   <subfield code="q">Knihovna Žižkov - sklad</subfield>
   <subfield code="t">na 1 měsíc</subfield>
   <subfield code="u">UEP01</subfield>
   <subfield code="w">20170227</subfield>
  </datafield>
  <datafield tag="996" ind1=" " ind2=" ">
   <subfield code="1">PSKLA</subfield>
   <subfield code="3">E50134i</subfield>
   <subfield code="4">N:P</subfield>
   <subfield code="5">3142298677</subfield>
   <subfield code="8">20170223</subfield>
   <subfield code="9">33MAN</subfield>
   <subfield code="f">81</subfield>
   <subfield code="g">46420</subfield>
   <subfield code="l">UEP01</subfield>
   <subfield code="m">BOOK</subfield>
   <subfield code="q">Knihovna Žižkov - sklad</subfield>
   <subfield code="t">na 1 měsíc</subfield>
   <subfield code="u">UEP01</subfield>
   <subfield code="w">20170227</subfield>
  </datafield>
  <datafield tag="996" ind1=" " ind2=" ">
   <subfield code="1">PSKLA</subfield>
   <subfield code="3">E50134l</subfield>
   <subfield code="4">N:P</subfield>
   <subfield code="5">3142298680</subfield>
   <subfield code="8">20170223</subfield>
   <subfield code="9">33MAN</subfield>
   <subfield code="f">81</subfield>
   <subfield code="g">46420</subfield>
   <subfield code="l">UEP01</subfield>
   <subfield code="m">BOOK</subfield>
   <subfield code="q">Knihovna Žižkov - sklad</subfield>
   <subfield code="t">na 1 měsíc</subfield>
   <subfield code="u">UEP01</subfield>
   <subfield code="w">20170227</subfield>
  </datafield>
  <datafield tag="996" ind1=" " ind2=" ">
   <subfield code="1">PSKLA</subfield>
   <subfield code="3">E50134m</subfield>
   <subfield code="4">N:P</subfield>
   <subfield code="5">3142298681</subfield>
   <subfield code="8">20170223</subfield>
   <subfield code="9">33MAN</subfield>
   <subfield code="f">81</subfield>
   <subfield code="g">46420</subfield>
   <subfield code="l">UEP01</subfield>
   <subfield code="m">BOOK</subfield>
   <subfield code="q">Knihovna Žižkov - sklad</subfield>
   <subfield code="t">na 1 měsíc</subfield>
   <subfield code="u">UEP01</subfield>
   <subfield code="w">20170227</subfield>
  </datafield>
  <datafield tag="996" ind1=" " ind2=" ">
   <subfield code="1">PSKLA</subfield>
   <subfield code="3">E50134mmmm</subfield>
   <subfield code="4">N:P</subfield>
   <subfield code="5">3142313590</subfield>
   <subfield code="8">20180702</subfield>
   <subfield code="9">33MAN</subfield>
   <subfield code="f">81</subfield>
   <subfield code="g">46420</subfield>
   <subfield code="l">UEP01</subfield>
   <subfield code="m">BOOK</subfield>
   <subfield code="q">Knihovna Žižkov - sklad</subfield>
   <subfield code="t">na 1 měsíc</subfield>
   <subfield code="u">UEP01</subfield>
   <subfield code="w">20180702</subfield>
  </datafield>
  <datafield tag="996" ind1=" " ind2=" ">
   <subfield code="1">PSKLA</subfield>
   <subfield code="3">E50134n</subfield>
   <subfield code="4">N:P</subfield>
   <subfield code="5">3142298682</subfield>
   <subfield code="8">20170223</subfield>
   <subfield code="9">33MAN</subfield>
   <subfield code="f">81</subfield>
   <subfield code="g">46420</subfield>
   <subfield code="l">UEP01</subfield>
   <subfield code="m">BOOK</subfield>
   <subfield code="q">Knihovna Žižkov - sklad</subfield>
   <subfield code="t">na 1 měsíc</subfield>
   <subfield code="u">UEP01</subfield>
   <subfield code="w">20170227</subfield>
  </datafield>
  <datafield tag="996" ind1=" " ind2=" ">
   <subfield code="1">PSKLA</subfield>
   <subfield code="3">E50134o</subfield>
   <subfield code="4">N:P</subfield>
   <subfield code="5">3142298683</subfield>
   <subfield code="8">20170223</subfield>
   <subfield code="9">33MAN</subfield>
   <subfield code="f">81</subfield>
   <subfield code="g">46420</subfield>
   <subfield code="l">UEP01</subfield>
   <subfield code="m">BOOK</subfield>
   <subfield code="q">Knihovna Žižkov - sklad</subfield>
   <subfield code="t">na 1 měsíc</subfield>
   <subfield code="u">UEP01</subfield>
   <subfield code="w">20170227</subfield>
  </datafield>
  <datafield tag="996" ind1=" " ind2=" ">
   <subfield code="1">PSKLA</subfield>
   <subfield code="3">E50134p</subfield>
   <subfield code="4">N:P</subfield>
   <subfield code="5">3142298684</subfield>
   <subfield code="8">20170223</subfield>
   <subfield code="9">33MAN</subfield>
   <subfield code="f">81</subfield>
   <subfield code="g">46420</subfield>
   <subfield code="l">UEP01</subfield>
   <subfield code="m">BOOK</subfield>
   <subfield code="q">Knihovna Žižkov - sklad</subfield>
   <subfield code="t">na 1 měsíc</subfield>
   <subfield code="u">UEP01</subfield>
   <subfield code="w">20170227</subfield>
  </datafield>
  <datafield tag="996" ind1=" " ind2=" ">
   <subfield code="1">PSKLA</subfield>
   <subfield code="3">E50134q</subfield>
   <subfield code="4">N:P</subfield>
   <subfield code="5">3142298685</subfield>
   <subfield code="8">20170223</subfield>
   <subfield code="9">33MAN</subfield>
   <subfield code="f">81</subfield>
   <subfield code="g">46420</subfield>
   <subfield code="l">UEP01</subfield>
   <subfield code="m">BOOK</subfield>
   <subfield code="q">Knihovna Žižkov - sklad</subfield>
   <subfield code="t">na 1 měsíc</subfield>
   <subfield code="u">UEP01</subfield>
   <subfield code="w">20170227</subfield>
  </datafield>
  <datafield tag="996" ind1=" " ind2=" ">
   <subfield code="1">PSKLA</subfield>
   <subfield code="3">E50134r</subfield>
   <subfield code="4">N:P</subfield>
   <subfield code="5">3142298686</subfield>
   <subfield code="8">20170223</subfield>
   <subfield code="9">33MAN</subfield>
   <subfield code="f">81</subfield>
   <subfield code="g">46420</subfield>
   <subfield code="l">UEP01</subfield>
   <subfield code="m">BOOK</subfield>
   <subfield code="q">Knihovna Žižkov - sklad</subfield>
   <subfield code="t">na 1 měsíc</subfield>
   <subfield code="u">UEP01</subfield>
   <subfield code="w">20170227</subfield>
  </datafield>
  <datafield tag="996" ind1=" " ind2=" ">
   <subfield code="1">PSKLA</subfield>
   <subfield code="3">E50134s</subfield>
   <subfield code="4">N:P</subfield>
   <subfield code="5">3142298687</subfield>
   <subfield code="8">20170223</subfield>
   <subfield code="9">33MAN</subfield>
   <subfield code="f">81</subfield>
   <subfield code="g">46420</subfield>
   <subfield code="l">UEP01</subfield>
   <subfield code="m">BOOK</subfield>
   <subfield code="q">Knihovna Žižkov - sklad</subfield>
   <subfield code="t">na 1 měsíc</subfield>
   <subfield code="u">UEP01</subfield>
   <subfield code="w">20170227</subfield>
  </datafield>
  <datafield tag="996" ind1=" " ind2=" ">
   <subfield code="1">PSKLA</subfield>
   <subfield code="3">E50134t</subfield>
   <subfield code="4">N:P</subfield>
   <subfield code="5">3142298688</subfield>
   <subfield code="8">20170223</subfield>
   <subfield code="9">33MAN</subfield>
   <subfield code="f">81</subfield>
   <subfield code="g">46420</subfield>
   <subfield code="l">UEP01</subfield>
   <subfield code="m">BOOK</subfield>
   <subfield code="q">Knihovna Žižkov - sklad</subfield>
   <subfield code="t">na 1 měsíc</subfield>
   <subfield code="u">UEP01</subfield>
   <subfield code="w">20170227</subfield>
  </datafield>
  <datafield tag="996" ind1=" " ind2=" ">
   <subfield code="1">PSKLA</subfield>
   <subfield code="3">E50134u</subfield>
   <subfield code="4">N:P</subfield>
   <subfield code="5">3142298689</subfield>
   <subfield code="8">20170223</subfield>
   <subfield code="9">33MAN</subfield>
   <subfield code="f">81</subfield>
   <subfield code="g">46420</subfield>
   <subfield code="l">UEP01</subfield>
   <subfield code="m">BOOK</subfield>
   <subfield code="q">Knihovna Žižkov - sklad</subfield>
   <subfield code="t">na 1 měsíc</subfield>
   <subfield code="u">UEP01</subfield>
   <subfield code="w">20170227</subfield>
  </datafield>
  <datafield tag="996" ind1=" " ind2=" ">
   <subfield code="1">PSKLA</subfield>
   <subfield code="3">E50134v</subfield>
   <subfield code="4">N:P</subfield>
   <subfield code="5">3142298690</subfield>
   <subfield code="8">20170223</subfield>
   <subfield code="9">33MAN</subfield>
   <subfield code="f">81</subfield>
   <subfield code="g">46420</subfield>
   <subfield code="l">UEP01</subfield>
   <subfield code="m">BOOK</subfield>
   <subfield code="q">Knihovna Žižkov - sklad</subfield>
   <subfield code="t">na 1 měsíc</subfield>
   <subfield code="u">UEP01</subfield>
   <subfield code="w">20170227</subfield>
  </datafield>
  <datafield tag="996" ind1=" " ind2=" ">
   <subfield code="1">PSKLA</subfield>
   <subfield code="3">E50134w</subfield>
   <subfield code="4">N:P</subfield>
   <subfield code="5">3142298691</subfield>
   <subfield code="8">20170223</subfield>
   <subfield code="9">33MAN</subfield>
   <subfield code="f">81</subfield>
   <subfield code="g">46420</subfield>
   <subfield code="l">UEP01</subfield>
   <subfield code="m">BOOK</subfield>
   <subfield code="q">Knihovna Žižkov - sklad</subfield>
   <subfield code="t">na 1 měsíc</subfield>
   <subfield code="u">UEP01</subfield>
   <subfield code="w">20170227</subfield>
  </datafield>
  <datafield tag="996" ind1=" " ind2=" ">
   <subfield code="1">PSKLA</subfield>
   <subfield code="3">E50134x</subfield>
   <subfield code="4">N:P</subfield>
   <subfield code="5">3142298692</subfield>
   <subfield code="8">20170223</subfield>
   <subfield code="9">33MAN</subfield>
   <subfield code="f">81</subfield>
   <subfield code="g">46420</subfield>
   <subfield code="l">UEP01</subfield>
   <subfield code="m">BOOK</subfield>
   <subfield code="q">Knihovna Žižkov - sklad</subfield>
   <subfield code="t">na 1 měsíc</subfield>
   <subfield code="u">UEP01</subfield>
   <subfield code="w">20170227</subfield>
  </datafield>
  <datafield tag="996" ind1=" " ind2=" ">
   <subfield code="1">PSKLA</subfield>
   <subfield code="3">E50134y</subfield>
   <subfield code="4">N:P</subfield>
   <subfield code="5">3142298693</subfield>
   <subfield code="8">20170223</subfield>
   <subfield code="9">33MAN</subfield>
   <subfield code="f">81</subfield>
   <subfield code="g">46420</subfield>
   <subfield code="l">UEP01</subfield>
   <subfield code="m">BOOK</subfield>
   <subfield code="q">Knihovna Žižkov - sklad</subfield>
   <subfield code="t">na 1 měsíc</subfield>
   <subfield code="u">UEP01</subfield>
   <subfield code="w">20170227</subfield>
  </datafield>
  <datafield tag="996" ind1=" " ind2=" ">
   <subfield code="1">PSKLA</subfield>
   <subfield code="3">E50134z</subfield>
   <subfield code="4">N:P</subfield>
   <subfield code="5">3142298694</subfield>
   <subfield code="8">20170223</subfield>
   <subfield code="9">33MAN</subfield>
   <subfield code="f">81</subfield>
   <subfield code="g">46420</subfield>
   <subfield code="l">UEP01</subfield>
   <subfield code="m">BOOK</subfield>
   <subfield code="q">Knihovna Žižkov - sklad</subfield>
   <subfield code="t">na 1 měsíc</subfield>
   <subfield code="u">UEP01</subfield>
   <subfield code="w">20170227</subfield>
  </datafield>
 </record>
</collection>
